Postestructuralismo y práctica coeducativa : discutiendo y deconstruyendo el género en el aula /

El artículo analiza las principales aportaciones efectuadas desde el paradigma postestructuralista para favorecer el desarrollo de una práctica educativa no discriminatoria por razón de género. En primer lugar, realizamos una breve exposición de los supuestos conceptuales que sustentan dicho paradig...

Full description

Bibliographic Details
Main Author: Rodríguez Menéndez, María
Format: Analitica de revista
Language:Spanish
Published: Sevilla Díada 2006

MARC

LEADER 00000cab a2200000 a 4500
001 034862
003 UAHC_CL
005 20170803123808.0
008 020108b xx j 000 1 spa
040 |a UAHC_CL  |c UAHC_CL  |d UAHC_CL 
100 1 |a Rodríguez Menéndez, María 
245 1 0 |a Postestructuralismo y práctica coeducativa :  |b discutiendo y deconstruyendo el género en el aula /  |c María del Carmen Rodríguez Menéndez. 
260 |a Sevilla  |b Díada  |c 2006 
300 |a p. 79-89 
500 |a En: Investigación en la escuela, nº59, 2006. pp. 79-89. ISSN 02137771. 
500 |a En: Investigación en la escuela, nº59, 2006. pp. 79-89. ISSN 02137771. 
520 |a El artículo analiza las principales aportaciones efectuadas desde el paradigma postestructuralista para favorecer el desarrollo de una práctica educativa no discriminatoria por razón de género. En primer lugar, realizamos una breve exposición de los supuestos conceptuales que sustentan dicho paradigma. A continuación, hacemos especial hincapié en sus diferencias con respecto a la teoría de la socialización de los roles sexuales. Por último, en el grueso del trabajo, se examinan las estrategias coeducativos que se proponen desde el marco postestructuralista. 
520 |a El artículo analiza las principales aportaciones efectuadas desde el paradigma postestructuralista para favorecer el desarrollo de una práctica educativa no discriminatoria por razón de género. En primer lugar, realizamos una breve exposición de los supuestos conceptuales que sustentan dicho paradigma. A continuación, hacemos especial hincapié en sus diferencias con respecto a la teoría de la socialización de los roles sexuales. Por último, en el grueso del trabajo, se examinan las estrategias coeducativos que se proponen desde el marco postestructuralista. 
520 |a El artÌculo analiza las principales aportaciones efectuadas desde el paradigma postestructuralista para favorecer el desarrollo de una pr·ctica educativa no discriminatoria por razÛn de gÈnero. En primer lugar, realizamos una breve exposiciÛn de los supuestos conceptuales que sustentan dicho paradigma. A continuaciÛn, hacemos especial hincapiÈ en sus diferencias con respecto a la teorÌa de la socializaciÛn de los roles sexuales. Por último, en el grueso del trabajo, se examinan las estrategias coeducativos que se proponen desde el marco postestructuralista. 
759 |a PP083 
773 0 |t Investigación en la escuela.  |w 034830 
900 |a INVESTIGACION EN LA ESCUELA-59/06 
942 |c REVA 
952 |0 0  |1 0  |4 0  |6 INVESTIGACION_EN_LA_ESCUELA59_06_000000000000000  |7 0  |8 General  |9 66322  |a BC  |b BC  |c General  |d 2017-08-03  |l 0  |o INVESTIGACION EN LA ESCUELA-59/06  |p FICTICIO4238  |r 2019-01-08 00:00:00  |t 1  |w 2017-08-03  |y REVA 
999 |c 34862  |d 34862